[Event "IECC Swiss-522.2"]
[Site "IECC email"]
[Date "2007.10.08"]
[Round "?"]
[White "Kato, Teruyuki"]
[Black "Worrall, Tim"]
[Result "0-1"]
[WhiteElo "1258"]
[BlackElo "1317"]
[PlyCount "56"]
[EventDate "2007.??.??"]
[EventType "swiss (corr)"]
[EventRounds "1"]
[SourceTitle "Corr 2011"]
[Source "ChessBase"]
[SourceDate "2010.08.31"]
[SourceVersion "1"]
[SourceVersionDate "2010.08.31"]
[SourceQuality "1"]
[WhiteTeam "Netherlands"]
[BlackTeam "Australia"]
[WhiteTeamCountry "NED"]
[BlackTeamCountry "AUS"]

1. Nf3 Nf6 2. g3 d5 3. Bg2 c6 4. 0-0 Bf5 5. d3 e6 6. b3 Be7 7. Bb2 0-0 8. Nbd2 h6 9. Re1 Bh7 10. c4 Nbd7 11. Ne5 Nxe5 12. Bxe5 Bc5 13. d4 Bb6 14. b4 a5 15. c5 Bc7 16. Bxc7 Qxc7 17. a3 b5 18. Nf3 Ne4 19. Qc1 Rfb8 20. e3 Ra7 21. Nd2 Nxd2 22. Qxd2 Rba8 23. Qb2 Bd3 24. Qc3 Bc4 25. Bf1 Bxf1 26. Kxf1 Qe7 27. f3 Qf6 28. Kg2 Qg6 0-1

[Event "IECC CL6-2007.08 email"]
[Site "IECC email"]
[Date "2007.07.14"]
[Round "?"]
[White "Westbrook, Jonathan"]
[Black "Worrall, Tim"]
[Result "0-1"]
[WhiteElo "1210"]
[BlackElo "1285"]
[PlyCount "64"]
[EventDate "2007.??.??"]
[EventType "tourn (corr)"]
[EventRounds "4"]
[SourceTitle "Corr 2011"]
[Source "ChessBase"]
[SourceDate "2010.08.31"]
[SourceVersion "1"]
[SourceVersionDate "2010.08.31"]
[SourceQuality "1"]
[WhiteTeam "Italy"]
[BlackTeam "Chile"]
[WhiteTeamCountry "ITA"]
[BlackTeamCountry "CHI"]

1. c4 e5 2. Nc3 Nf6 3. Nf3 Nc6 4. g3 d5 5. cxd5 Nxd5 6. Bg2 Nb6 7. 0-0 Be7 8. d3 0-0 9. a3 Be6 10. b4 f6 11. Ne4 Bd5 12. Bd2 a6 13. Nc3 Bf7 14. Be1 Re8 15. e3 f5 16. e4 Qd7 17. Qc2 Rad8 18. Rd1 Rf8 19. Bh3 Bh5 20. Bg2 Qe8 21. Bd2 Nd4 22. Qa2+ Kh8 23. Rc1 Bxf3 24. Be3 Qg6 25. Bxd4 Bxg2 26. Kxg2 Rxd4 27. Ne2 Rxd3 28. Rfd1 Rxd1 29. Rxd1 fxe4 30. a4 Nxa4 31. Qxa4 Qf5 32. Ng1 Qxf2+ 0-1

[Event "IECC CL6-2007.04 email"]
[Site "IECC email"]
[Date "2007.03.26"]
[Round "?"]
[White "Worrall, Tim"]
[Black "Amador, Gabriel"]
[Result "1-0"]
[WhiteElo "1256"]
[BlackElo "1225"]
[PlyCount "71"]
[EventDate "2007.??.??"]
[EventType "tourn (corr)"]
[EventRounds "4"]
[SourceTitle "Corr 2008"]
[Source "ChessBase"]
[SourceDate "2008.06.24"]
[SourceVersion "1"]
[SourceVersionDate "2008.06.24"]
[SourceQuality "1"]
[WhiteTeam "US of America"]
[BlackTeam "Nicaragua"]
[WhiteTeamCountry "USA"]
[BlackTeamCountry "NCA"]

1. e4 c5 2. Nf3 Nc6 3. d4 cxd4 4. Nxd4 g6 5. c4 Bg7 6. Be3 e6 7. Be2 Nge7 8. Nc3 0-0 9. Ndb5 a6 10. Nd6 f5 11. 0-0 b6 12. f4 fxe4 13. Ncxe4 Rb8 14. Rb1 Nf5 15. Nxf5 Rxf5 16. Nd6 Rf8 17. a4 Ne7 18. b4 Nf5 19. Nxf5 Rxf5 20. Qd6 Rb7 21. Bf3 Bf8 22. Qd2 Ra7 23. a5 d5 24. Bxb6 Qd7 25. Bxa7 Qxa7+ 26. c5 Bb7 27. g4 Rf7 28. f5 gxf5 29. gxf5 Rxf5 30. Bg4 Rxf1+ 31. Rxf1 Bc8 32. Qf2 Bg7 33. Qh4 Qc7 34. c6 e5 35. Bxc8 Qxc8 36. Rc1 1-0